000 00255nam a2200109Ia 4500
008 220216s9999 xx 000 0 und d
100 _aLode W
245 0 _aThermo-kinetics of rubber
260 _bIRI Transactions
_c1950
300 _a412-424
942 _cJS
999 _c71254
_d71254